Madrigales españoles inéditos del siglo XVI

Gespeichert in:
Bibliographische Detailangaben
1. Verfasser: Querol Gavaldá, Miguel (VerfasserIn)
Format: Buch
Sprache:Spanisch
Veröffentlicht: Barcelona Instituto Español de Musicología 1981
Schriftenreihe:Monumentos de la música española, 40
Schlagworte:
Tags: Tag hinzufügen
Keine Tags, Fügen Sie den ersten Tag hinzu!

MARC

LEADER 00000nam a2200000 a 4500
001 UCX9842
003 CL-VaPUC
008 940628e19810000SP |||||||||||||||||spa|d
082 0 4 |a 782.43  |b QUE  |2 21 
100 0 |a Querol Gavaldá, Miguel  |e author  |9 327320 
245 1 0 |a Madrigales españoles inéditos del siglo XVI 
246 1 0 |a Cancionero de la casanatense 
300 |a 66 p 
942 |c BK 
945 |d 19940628 00:00:00  |a oaravena 
260 |a Barcelona  |b Instituto Español de Musicología  |c 1981 
650 7 |a MADRIGAL  |2 CL-VaPUC  |9 327321 
650 7 |a MADRIGALES MUSICA, ESPAÑOLES  |2 CL-VaPUC  |9 327322 
650 0 |a Cancioneros  |9 327323 
650 0 |a Antologías  |9 309836 
583 |a last modification  |c 19940628 00:00:00  |k Rodrigo Vera 
490 0 |a Monumentos de la música española, 40 
999 |c 228970  |d 228968